Countries of Europe - West to East - Statistics

General Stats
  • This quiz has been taken 1,698 times
  • The average score is 31 of 45
Answers on the Map
Answers color-coded by a green-red scale on the quiz's map according to % correct below.
 
Answer Stats
Country % Correct
Iceland
100%
Ireland
100%
France
99%
Portugal
99%
Spain
99%
United Kingdom
99%
Belgium
95%
Netherlands
95%
Andorra
94%
Norway
91%
Luxembourg
90%
Germany
89%
Italy
89%
Switzerland
89%
Denmark
86%
Monaco
86%
Austria
84%
Liechtenstein
84%
Sweden
83%
Czech Republic
80%
San Marino
74%
Vatican City
74%
Croatia
71%
Slovenia
71%
Poland
70%
Malta
68%
Bosnia and Herzegovina
66%
Hungary
65%
Slovakia
64%
Montenegro
61%
Serbia
57%
Finland
52%
Albania
51%
Greece
49%
Russia
47%
Kosovo
44%
Romania
40%
Macedonia
37%
Latvia
35%
Lithuania
35%
Estonia
33%
Ukraine
31%
Moldova
30%
Belarus
29%
Bulgaria
29%
No matching quizzes found
Score Distribution
Percent of People with Each Score
Percentile by Number Answered
Your Score History
You have not taken this quiz